Largest Company in Every U.S. State - Statistics

General Stats
  • This quiz has been taken 69 times
    32 since last reset
  • The average score is 7 of 50
Answer Stats
State Company % Correct
Texas Exxon Mobil
69%
Arkansas Walmart
69%
Connecticut General Electric
58%
Massachusetts General Electric
58%
Michigan General Motors
58%
Illinois Boeing
38%
Oregon Nike
38%
North Carolina Bank of America
35%
California Chevron
35%
Washington Costco Wholesale
27%
Georgia Home Depot
27%
Tennessee FedEx
23%
New York Verizon
23%
Nebraska Berkshire Hathaway
19%
New Jersey Johnson & Johnson
19%
Ohio Kroger
19%
Idaho Albertsons
12%
Rhode Island CVS
12%
Maryland Lockheed Martin
12%
Indiana Anthem
8%
Virginia Freddie Mac
8%
Kentucky Humana
8%
Nevada Las Vegas Sands
8%
Pennsylvania AmerisourceBergen
4%
Delaware Dupont
4%
Missouri Express Scripts
4%
Hawaii Hawaii Electric Industries
4%
Wisconsin Johnson Controls
4%
North Dakota MDU Resources Group Inc
4%
Alabama Regions Bank
4%
Mississippi Sanderson Farms
4%
New Hampshire Sprague Resources
4%
Maine TD Bank
4%
Minnesota UnitedHealth Group
4%
Montana Aon National Flood Services
0%
Alaska Arctic Slope Regional Corp
0%
Colorado Arrow
0%
Arizona Avnet
0%
Louisiana CenturyLink
0%
Wyoming Cloud Peak Energy
0%
South Carolina Domtar
0%
Utah Huntsman
0%
Vermont Keurig Green Mountain
0%
Oklahoma Love's Travel Stops
0%
South Dakota Poet
0%
West Virginia Pratt & Whitney Engine Services
0%
Iowa Principal Financial
0%
New Mexico Sandia Corp
0%
Kansas Spirit AeroSystems Holdings
0%
Florida World Fuel Services
0%
No matching quizzes found
Score Distribution
Percent of People with Each Score
Percentile by Number Answered
Your Score History
You have not taken this quiz since the last reset